[Event "Campo Grande op 2nd"]
[Site "Campo Grande"]
[Date "2014.09.06"]
[Round "3"]
[White "Chaves, Lauro Wanderson Nav"]
[Black "Ferreira, Rodrigo Maycon Mira"]
[Result "0-1"]
[WhiteElo "1826"]
[BlackElo "1848"]
[PlyCount "62"]
[EventDate "2014.09.05"]
[EventType "swiss"]
[EventRounds "5"]
[EventCountry "BRA"]
[SourceTitle "CBM 162 Extra"]
[Source "ChessBase"]
[SourceDate "2014.10.17"]
[SourceVersion "1"]
[SourceVersionDate "2014.10.17"]
[SourceQuality "1"]

1. d4 d6 2. c4 Nf6 3. Nc3 Nc6 4. e3 e5 5. Nf3 Be7 6. d5 Nb8 7. e4 0-0 8. Be2 a5 9. a4 Na6 10. h3 Ne8 11. Be3 f5 12. 0-0 f4 13. Bd2 Nc5 14. Qc2 Nf6 15. Bc1 Qe8 16. b3 Qg6 17. Kh1 Ncxe4 18. Nxe4 Qxe4 19. Qxe4 Nxe4 20. Bd3 Nc5 21. Bc2 Bd7 22. Ba3 Na6 23. Rfe1 Bf6 24. Be4 g6 25. Bb2 Bf5 26. Bxf5 gxf5 27. Ng1 Nc5 28. Bc3 Nxb3 29. Rab1 Nc5 30. f3 b6 31. Ne2 Nxa4 0-1

[Event "Campo Grande op 2nd"]
[Site "Campo Grande"]
[Date "2014.09.06"]
[Round "2"]
[White "Lopes Ximenes, Roger Roberto"]
[Black "Chaves, Lauro Wanderson Nav"]
[Result "0-1"]
[WhiteElo "1796"]
[BlackElo "1826"]
[PlyCount "106"]
[EventDate "2014.09.05"]
[EventType "swiss"]
[EventRounds "5"]
[EventCountry "BRA"]
[SourceTitle "CBM 162 Extra"]
[Source "ChessBase"]
[SourceDate "2014.10.17"]
[SourceVersion "1"]
[SourceVersionDate "2014.10.17"]
[SourceQuality "1"]

1. d4 e6 2. c4 c6 3. Nc3 d5 4. e3 Nf6 5. Qc2 Bb4 6. Bd3 Nbd7 7. Nf3 Nf8 8. 0-0 Ng6 9. e4 dxc4 10. Bxc4 0-0 11. Bg5 Be7 12. Rad1 Ng4 13. Bc1 b5 14. Bd3 Bb7 15. h3 Nf6 16. Ne2 Rc8 17. Qb1 a6 18. Nh2 Qb6 19. Be3 Qc7 20. f4 c5 21. f5 exf5 22. exf5 Nd5 23. Bd2 c4 24. Be4 Bd6 25. Nf3 Nge7 26. f6 Nxf6 27. Bxb7 Qxb7 28. Ng5 Ng6 29. Nf4 Nh4 30. d5 h6 31. Nh5 hxg5 32. Nxf6+ gxf6 33. Rxf6 Qxd5 34. Rf2 Bc5 35. Be3 Qc6 36. Bxc5 Qxc5 37. Qe4 Rce8 38. Qg4 Re5 39. Rdf1 Rfe8 40. Kh2 R8e7 41. Qh5 Qd6 42. g3 Ng6 43. Rd1 Qe6 44. Rdf1 a5 45. Qf3 b4 46. Qa8+ Kg7 47. Qf3 Re2 48. Qh5 Rxf2+ 49. Rxf2 Qe5 50. Qd1 Re6 51. Qd7 Ne7 52. Qd8 Nf5 53. Qa8 Qxg3+ 0-1

[Event "Ladario op 1st"]
[Site "Ladario"]
[Date "2013.11.16"]
[Round "4"]
[White "Chaves, Lauro Wanderson Nav"]
[Black "De Miranda Ferreira, Rodrigo Maycon"]
[Result "1-0"]
[WhiteElo "1792"]
[BlackElo "1852"]
[PlyCount "111"]
[EventDate "2013.11.15"]
[EventType "swiss"]
[EventRounds "7"]
[EventCountry "BRA"]
[SourceTitle "EXT 2015"]
[Source "ChessBase"]
[SourceDate "2014.11.20"]
[SourceVersion "1"]
[SourceVersionDate "2014.11.20"]
[SourceQuality "1"]

1. d4 Nf6 2. Nf3 g6 3. c4 Bg7 4. Nc3 0-0 5. e4 d6 6. h3 c5 7. d5 e6 8. Bd3 exd5 9. cxd5 a6 10. a4 Qa5 11. Bd2 Re8 12. 0-0 Qc7 13. Bf4 Nbd7 14. Qc2 b6 15. Rfe1 c4 16. Nd1 Nh5 17. Bc1 Bb7 18. Qxc4 Qd8 19. Qb4 Ne5 20. Be2 a5 21. Qb3 Nd7 22. Bb5 Nc5 23. Qc2 Re7 24. Bg5 f6 25. Bd2 Rc8 26. Nc3 Ba6 27. g4 Bxb5 28. axb5 Qd7 29. Kg2 f5 30. gxh5 fxe4 31. Ng5 Qf5 32. Be3 Nd3 33. Rh1 h6 34. Ngxe4 Rxc3 35. bxc3 Qxe4+ 36. Kg1 gxh5 37. Rd1 Qg6+ 38. Kf1 Rxe3 39. fxe3 Qf5+ 40. Ke2 Nf4+ 41. Kd2 Qe5 42. exf4 Qxf4+ 43. Ke2 Qe5+ 44. Kf1 Qf4+ 45. Qf2 Qc4+ 46. Kg1 Qxc3 47. Rh2 a4 48. Rg2 Qb3 49. Rf1 Qc3 50. Qf8+ Kh7 51. Qxg7+ Qxg7 52. Rxg7+ Kxg7 53. Ra1 Kf6 54. Rxa4 Ke5 55. Ra6 Kxd5 56. Rxb6 1-0